Vzdelanie nie je tovar

Bibliographic Details
Main Author: Bracjun, Anatolij, 1945- (Author)
Format: Article
Language:Slovak
ISSN:1335-0684
Subjects:

MARC

LEADER 00000nab a2200000 a 4500
001 vtls000776069
003 SK-MaSNL
005 20260302154318.0
008 180206c2001 xo 0 slo
015 |a SNBRB2001/12-36591 
035 |a CLN000127856 
040 |a SNKBUCL  |b slo  |c SNKBUCL  |e AACR2 
041 0 |a slo 
044 |a xo  |c SK 
080 |a 378.014(437.6)  |2 UDC-MRF-SK2 
080 |a 378.124(437.6)  |2 UDC-MRF-SK2 
100 1 |a Bracjun, Anatolij,  |d 1945-  |4 aut  |9 119325 
245 1 0 |a Vzdelanie nie je tovar  |c Anatolij Bracjun 
650 0 7 |a školstvo vysoké  |z Slovensko  |x reformy  |2 snkbucl  |9 839999 
650 0 7 |a poplatky vysokoškolské  |2 snkbucl  |9 850797 
650 0 7 |a štúdium vysokoškolské  |x poplatky  |2 snkbucl  |9 850798 
655 7 |a články z novín a časopisov  |2 snkbucl  |9 267496 
773 0 |x 1335-0684  |t Trend  |g Roč. 11, č. 47 (2001), s. 22A 
850 |a Slovenská národná knižnica v Martine 
852 |a SNK  |b KIS3GCP 
958 |a RBX 
999 |c 1368071  |d 1370001